Online Catalogue and eLibrary

Arms and the Woman (Record no. 1673)

MARC details
000 -LEADER
fixed length control field 00414nam a2200181Ia 4500
005 - DATE AND TIME OF LATEST TRANSACTION
control field 20250203052813.0
008 - FIXED-LENGTH DATA ELEMENTS--GENERAL INFORMATION
fixed length control field 240331s9999 xx 000 0 und d
020 ## - INTERNATIONAL STANDARD BOOK NUMBER
ISBN 8171677991
082 ## - DDC Classification
Item Number - Author Mark MEN
DDC Edition Number 4751
Class No. 305.4
100 ## - MAIN ENTRY--PERSONAL NAME
Personal name Menon, D
245 #0 - TITLE STATEMENT
Title Arms and the Woman
260 ## - PUBLICATION, DISTRIBUTION, ETC.
Place of publication, distribution, etc. New Delhi
Name of publisher, distributor, etc. Rupa Co.
Date of publication, distribution, etc. 2002
300 ## - PHYSICAL DESCRIPTION
Extent (e.g. Volumes, Pages etc.) xi, 275 p.,
650 ## - SUBJECT ADDED ENTRY--TOPICAL TERM
Topical term or geographic name entry element Army
650 ## - SUBJECT ADDED ENTRY--TOPICAL TERM
Topical term or geographic name entry element Women
650 ## - SUBJECT ADDED ENTRY--TOPICAL TERM
Topical term or geographic name entry element Motherhood
942 ## - Koha item type (Biblio)
Koha item type Books in Stacks (Lending)
Holdings
Lost status Damaged status Collection code Home library Current library Shelving location Date acquired Full call number Accession Number Item type
    Lending WERC Library WERC Library Social Science Cupboard 03/31/2024 305.4 MEN 4751 Books in Stacks (Lending)

© WERC Library